Výjimky a omezení autorského práva v prostředí digitálních sítí /

Hlavní autor: Myška, Matěj, 1984-
Jazyk: Slovenština
Čeština
Vydáno: Praha : Wolters Kluwer, 2020
Vydání: Vydání první
Edice: Právní monografie (Wolters Kluwer ČR)
Témata:
Fyzický popis: xiii, 319 stran ; 24 cm
Language note: Částečně slovenský text, anglické resumé
Knihy
Uloženo v:
LEADER 02117nam a2200541 i 4500
001 nkc20203241846
003 CZ PrNK
005 20210210110017.0
007 ta
008 200812s2020 xr f 001 0 cze
015 |a cnb003241846 
020 |a 978-80-7598-842-3  |q (brožováno) 
035 |a (OCoLC)1204253669 
040 |a OLA001  |b cze  |d ABA001  |e rda 
041 0 |a cze  |a slo  |b eng 
043 |a e------ 
072 7 |a 347.7  |x Obchodní právo. Finanční právo. Právo průmyslového vlastnictví. Patentové právo. Autorské právo  |2 Konspekt  |9 16 
080 |a 347.78  |2 MRF 
080 |a 621.39.037.37  |2 MRF 
080 |a (4)  |2 MRF 
080 |a (048.8)  |2 MRF 
100 1 |a Myška, Matěj,  |d 1984-  |7 mub2011622476  |4 aut 
245 1 0 |a Výjimky a omezení autorského práva v prostředí digitálních sítí /  |c Matěj Myška 
250 |a Vydání první 
264 1 |a Praha :  |b Wolters Kluwer,  |c 2020 
300 |a xiii, 319 stran ;  |c 24 cm 
336 |a text  |b txt  |2 rdacontent 
337 |a bez média  |b n  |2 rdamedia 
338 |a svazek  |b nc  |2 rdacarrier 
490 1 |a Právní monografie 
500 |a "Právní stav publikace je ke dni 15.12.2019"--Tiráž 
504 |a Obsahuje bibliografii, bibliografické odkazy a rejstřík 
546 |a Částečně slovenský text, anglické resumé 
650 0 7 |a autorské právo  |7 ph114109  |2 czenas 
650 0 7 |a autorské právo  |7 ph114109  |z země Evropské unie  |2 czenas 
650 0 7 |a digitální telekomunikační sítě  |7 ph114325  |2 czenas 
650 0 9 |a copyright  |2 eczenas 
650 0 9 |a copyright  |z European Union countries  |2 eczenas 
650 0 9 |a digital telecommunications networks  |2 eczenas 
655 7 |a monografie  |7 fd132842  |2 czenas 
655 9 |a monographs  |2 eczenas 
830 0 |a Právní monografie (Wolters Kluwer ČR)  |0 s 
910 2 |a BOA001  |b 2-1451.473 
990 |a BK 
995 |a 01 
991 |b 202009  |c NOV 
996 6 |b 2610838469  |c 2-1451.473  |l MZK  |r Sklad / do 1 hodiny  |n 1  |p p.v.  |w 001826290  |u 000010  |a 1  |e BOA001  |j MZK50  |s P 
996 7 |b 2610854295  |c 2-1451.473  |l Vol.výběr  |r VV 0p  |n 8  |p kup  |h 347.7 MYŠ  |w 001826290  |u 000020  |a 0  |e BOA001  |j MZK50  |s A